00339cam a22000977a 4500008004000000082001700040245009000057260004600147300001000193700003800203180718b1967 xxu||||| |||| 00| 0 eng d aZ47x54 In2ev aReport on evaluation of rural manpower projectscby Programme Evaluation Organisation abProgramme Evaluation Organisationc1967 a33+p. aProgramme Evaluation Organisation